000 02157nas1a22003731i 4500
001 RU\NLR\INFOCOMM7\1000057793
005 20240726040707.0
035 _a(NLR Aleph) 002591697
090 _a3367342
_c3367342
100 _a20040630b18931915|||y0rusy50 ca
101 0 _arus
_ager
_afre
102 _aRU
110 _aayu||||0|y0
200 1 _aНумизматический сборник
_eИзд. Моск. нумизматич. о-ва
210 _aМ.
_d1893-1915
300 _aЧасть текста на нем. и франц. яз.
320 _aИздания Московского нумизматического общества.- Подробный указатель статей, напечатанных в изданиях Московского нумизматического общества.- В кн.: Чижов, С.И. Записка о деятельности Московского нумизматического общества за первые 25 лет его существования. М., 1913. С.21-45 (шифр: 37.31.2.28)
430 0 _12001#$aТруды Московского нумизматического общества
_tТруды Московского нумизматического общества
801 1 _aRU
_bInfoComm
_c20040630
801 0 _aRU
_bNLR
_gPSBO
852 _aNLR
_j18.22.1.22
852 _aNLR
_j37.31.2.28
852 _aNLR
_j127/3360
942 _cJOURNAL
980 _aRUSPER